Detalles MARC
| 000 -LEADER |
| fixed length control field |
01798cam a2200361 i 4500 |
| 001 - CONTROL NUMBER |
| control field |
26662 |
| 003 - CONTROL NUMBER IDENTIFIER |
| control field |
Mx-PuUPA |
| 005 - DATE AND TIME OF LATEST TRANSACTION |
| control field |
20241205162159.0 |
| 008 - FIXED-LENGTH DATA ELEMENTS--GENERAL INFORMATION |
| fixed length control field |
140415s2008 mx a grc 000 0 spa d |
| 040 ## - CATALOGING SOURCE |
| Transcribing agency |
Mx-PuUPA |
| Original cataloging agency |
Mx-PuUPA |
| Language of cataloging |
spa |
| Modifying agency |
Mx-PuUPA |
| Description conventions |
rda |
| 041 0# - LANGUAGE CODE |
| Language code of text/sound track or separate title |
spa |
| 110 2# - MAIN ENTRY--CORPORATE NAME |
| Corporate name or jurisdiction name as entry element |
Museo de la Basílica de Guadalupe, |
| 9 (RLIN) |
10750 |
| 240 10 - UNIFORM TITLE |
| Uniform title |
Exposición temporal |
| Form subheading |
Catálogo |
| 245 10 - TITLE STATEMENT |
| Title |
Del otro lado del mar : |
| Remainder of title |
exvotos a la Virgen de Guadalupe. |
| Name of part/section of a work |
7 de febrero a 6 de abril de 2008 / |
| Statement of responsibility, etc. |
curaduría, Museo de la Basílica ; texto, Luis Martín Lozano ; Jorge Guadarrama Guevara, director |
| 264 #1 - PRODUCTION, PUBLICATION, DISTRIBUTION, MANUFACTURE, AND COPYRIGHT NOTICE |
| Place of production, publication, distribution, manufacture |
Ciudad de México : |
| Name of producer, publisher, distributor, manufacturer |
Dream-sign, |
| Date of production, publication, distribution, manufacture, or copyright notice |
2008 |
| 300 ## - PHYSICAL DESCRIPTION |
| Extent |
43 páginas : |
| Other physical details |
ilustraciones (a color) ; |
| Dimensions |
20 cm |
| 336 ## - CONTENT TYPE |
| Fuente |
rdacontent |
| Content type term |
texto |
| Content type code |
txt |
| 336 ## - CONTENT TYPE |
| Fuente |
rdacontent |
| Content type term |
imagen fija |
| Content type code |
sti |
| 337 ## - MEDIA TYPE |
| Source |
rdamedia |
| Media type term |
sin medio |
| Media type code |
n |
| 338 ## - CARRIER TYPE |
| Source |
rdacarrier |
| Carrier type term |
volumen |
| Carrier type code |
nc |
| 500 ## - GENERAL NOTE |
| General note |
"Camila Adami, Pat Andrea, PIlar de Arístegui, Mark Brusse, Jean Clerté, Jean Cortot, Sergio Ferro, Mercedes Gómez Pablos,Saúl Kaminer, Olga Luna, Fernando Leal Audirac, Federico Manzano, Cécile Martial, Federica Matta, Eliana Perinat, Cristina Rubalcava, Cristina Ruíz Guiñazu, Shan Sa, Antonio Segui, Marko Velk, Nabuko Watanabe".-- Cubierta, portada. |
| 600 04 - SUBJECT ADDED ENTRY--PERSONAL NAME |
| Personal name |
Virgen de Guadalupe |
| General subdivision |
Pintura religiosa |
| Form subdivision |
Exposiciones |
| 600 04 - SUBJECT ADDED ENTRY--PERSONAL NAME |
| Personal name |
Nuestra Señora de Guadalupe |
| General subdivision |
Exvotos |
| 610 24 - SUBJECT ADDED ENTRY--CORPORATE NAME |
| Corporate name or jurisdiction name as entry element |
Museo de la Basílica de Guadalupe |
| General subdivision |
Pinturas |
| -- |
Virgen de Guadalupe |
| Form subdivision |
Exposiciones |
| 650 #7 - SUBJECT ADDED ENTRY--TOPICAL TERM |
| Source of heading or term |
armarc |
| Topical term or geographic name entry element |
Pintura mexicana |
| Form subdivision |
Exposiciones |
| 650 #7 - SUBJECT ADDED ENTRY--TOPICAL TERM |
| Source of heading or term |
armarc |
| Topical term or geographic name entry element |
Artistas contemporáneos |
| 700 1# - ADDED ENTRY--PERSONAL NAME |
| Personal name |
Martín Lozano, Luis |
| Relator term |
redactor |
| 700 1# - ADDED ENTRY--PERSONAL NAME |
| Personal name |
Guadarrama Guevara, Jorge, |
| Relator term |
director |
| 942 ## - ADDED ENTRY ELEMENTS (KOHA) |
| Source of classification or shelving scheme |
Dewey Decimal Classification |
| Koha item type |
Libro |
| Classification part |
759.972 |
| Item part |
O888 |
| Suppress in OPAC |
|